01018nam a22002657a 450000500170000001000130001702000230003003500130005303700160006604000120008208200210009410000400011524500720015524600520022726000720027927000890035130000200044065000290046065000300048965000290051965000230054894200300057199900190060195201320062020170123162312.0 aB-209004 c150.00a8182231957 aB-209004 bCen Lib/Ret aDPLbUR a842.08bم ح م a موحمد شاہد حسین 9376 aڈرامے فن اور روایت /cموحمد شاہد حسین  aDrama fan aur rivayat /bby Mohd. Shahid husian aنیی دہلی bایجوکیشنل پبلشنگ ہاؤس c2006 bنیی دہلی a3108, وکیل سٹریٹ، کچا پنڈت لال کون e110006 a223p.c21cm(Hb) aاردو ادب 9111833 aاردو ڈرامہ 9462 aUrdu literature 9111834 aUrdu drama 914322 2ddccURh842.08mم ح م c106452d106452 00104070aLbLd2015-12-21eCen Lib/Retg150.00l0o842.08 م ح مpB-209004r2015-12-21 00:00:00t1v150.00w2015-12-21yUR